CRC handbook series in organic electrochemistry /

Bibliographic Details
Other Authors: Meites, Louis, Zuman, Petr, Rupp, Elinore B.
Format: Book
Language:English
Published: Cleveland : CRC Press, [pref. 1976-]
Subjects:

MARC

Tag First Indicator Second Indicator Subfields
LEADER 00000cam a22000008i 4500
001 in00000296513
005 20151010090158.0
008 780503m19779999ohua b 00100 eng
010 |a  78009740  
035 |a (OCoLC)03912605 
035 |9 ABG3986AM 
040 |a DLC  |c DLC  |d TXA  |d UtOrBLW 
049 |a TXAM  |v 1 [1631608]  |v 2 [1631609]  |v 3 [1631610]  |v 4 [273416] 
050 0 0 |a QD272 E4  |b  C17 
060 0 |a QD272.E4 M515h 
082 0 |a 547/.1/37 
245 0 0 |a CRC handbook series in organic electrochemistry /  |c authors, Louis Meites, Petr Zuman, and William J. Scott [and others]. 
264 1 |a Cleveland :  |b CRC Press,  |c [pref. 1976-] 
300 |a  volumes :  |b illustrations ;  |c 31 cm. 
336 |a text  |b txt  |2 rdacontent 
337 |a unmediated  |b n  |2 rdamedia 
338 |a volume  |b nc  |2 rdacarrier 
500 |a Volume 3 by L. Meites, P. Zuman, E. B. Rupp, and T. L. Fenner and A. Narayanan. 
504 |a Includes bibliographies and indexes. 
650 0 |a Electrochemical analysis. 
650 0 |a Chemistry, Organic. 
650 2 |a Chemistry, Organic  |x Handbooks. 
650 2 |a Electrochemistry  |x Handbooks. 
700 1 |a Meites, Louis. 
700 1 |a Zuman, Petr. 
700 1 |a Rupp, Elinore B. 
740 0 |a Handbook series in organic electrochemistry. 
999 |a MARS 
999 f f |s 186987be-b5f6-3c83-b0fd-15aeb6e4fc99  |i 7a0f1761-63b9-3940-82ba-3b24ff9e911e  |t 0 
952 f f |p ric  |a Texas A&M University  |b Rellis Campus  |c Joint Library Facility  |s JLF  |d Remote Storage  |t 0  |e QD272 E4 C17  |h Library of Congress classification  |i unmediated -- volume  |k v.4  |m A14808023318 
952 f f |p ric  |a Texas A&M University  |b Rellis Campus  |c Joint Library Facility  |s JLF  |d Remote Storage  |t 0  |e QD272 E4 C17  |h Library of Congress classification  |i unmediated -- volume  |k v.3  |m A14804696062 
952 f f |p ric  |a Texas A&M University  |b Rellis Campus  |c Joint Library Facility  |s JLF  |d Remote Storage  |t 0  |e QD272 E4 C17  |h Library of Congress classification  |i unmediated -- volume  |k v.2  |m A14804696054 
952 f f |p ric  |a Texas A&M University  |b Rellis Campus  |c Joint Library Facility  |s JLF  |d Remote Storage  |t 0  |e QD272 E4 C17  |h Library of Congress classification  |i unmediated -- volume  |k v.1  |m A14804696046 
998 f f |a QD272 E4 C17  |s v.1-v.4  |t 0  |l Remote Storage